000 00426nam a2200157Ia 4500
008 230718s9999 xx 000 0 und d
041 _aeng
082 _a621.38
_bMAI
100 _aMailloux R. J.
_9138941
245 _aElectronically Scanned Arrays
260 _bMorgan And Claypool
300 _dRef 1108 E (30551)
365 _cRs.
_b1395.00
700 _aMailloux R. J.
_9138941
906 _dB:522023-Jul-2008
_cETC
_b20
999 _c319344
_d319344